00612nam a2200181Ia 4500008004100000020001500041041001200056082001600068100001700084245007800101260002500179300000800204650000800212700001800220942000700238999001500245952017000260221030s9999 xx 000 0 und d a8120300548 aEnglish a105.23bJor aE. C. Jordan 0aElectromagnetic Waves & Radiating Systemscby E. C. Jordan, K. G. Balmain bPHIaNew Delhic1997 a753 aEMT aK. G. Balmain cBK c4928d4928 pBE 1115g150.00l0o105.23 Jorr2022-10-30 00:00:00w2022-10-30yBK003Print4070aMIETLIBbMIETLIBcBL-Academic Block B, FL-1, CUP-8, SH-1, R-1d2000-03-1610HBE